Guess which team these NBA players play for - Statistics

General Stats
  • This quiz has been taken 1,162 times
  • The average score is 13 of 15
Answer Stats
Hint Answer % Correct
LeBron James Cavaliers
99%
Stephen Curry Warriors
98%
Dwyane Wade Bulls
93%
Jimmy Butler Bulls
93%
James Harden Rockets
93%
Anthony Davis Pelicans
89%
Kawhi Leonard Spurs
89%
Carmelo Anthony Knicks
87%
Dirk Nowitzki Mavericks
87%
DeMar Derozan Raptors
87%
Damian Lillard Trail Blazers
86%
Paul George Pacers
83%
DeMarcus Cousins Kings
80%
Kyrie Irving Cavaliers
63%
Russel Westbrook Thunders
25%
No matching quizzes found
Score Distribution
Percent of People with Each Score
Percentile by Number Answered
Your Score History
You have not taken this quiz